000 00656nam a2200229Ia 4500
001 1077
003 GE_BSU
008 181216s||||||||xx |||||||||||||| ||und||
040 _cGE_BSU
080 _a519.6(075.8)
100 _aТаха,Х.
245 _aВведение и исследование операции в 2-х книгах.Кн.2
245 _bПер. с англ.В.Я. Алтаева.
260 _aМосква
260 _bМир
260 _c1985
300 _a496стр.
541 _h12л.
653 _aВведение и исследование операции
653 _aმათემატიკა
942 _cBK
999 _c35231
_d35231